000 01120nam a22003257a 4500
003 CHAP
005 20220329141028.0
008 971013s1996 r 00010 d
010 _a61521
011 _a62493
035 _a66667
040 _cCHAP
090 _aTesis
100 0 0 _aBuitrón Beiza, José.
_916010
245 _aProducción y utilización de la remolacha forrajera Beta vulgaris L. en Tláhuac y Xochimilco, D.F.
260 _aChapingo, Méx. :
_bEl autor,
_c1996
300 _a62 h.
_b: ilus.
502 _aTesis (Ing. Agr. Esp. en Zootecnia) -- UACH. Departamento de Zootecnia
590 _aALEPH
_b10
_c20130110
_lUCH01
_h1343
590 _aBATCH-UPD
_b10
_c20130110
_lUCH01
_h0659
590 _aBATCH-UPD
_b10
_c20130410
_lUCH01
_h0344
590 _aBATCH-UPD
_b10
_c20130914
_lUCH01
_h0754
590 _aCONVERSION
_b10
_c20130109
_lUCH01
_h1333
650 1 4 _aRemolacha azucarera.
_995869
700 0 _aCifuentes Mazzola, Octavio Apolo.
_923273
901 _aBK
942 _cFOLL
949 _bBC
_cTES
_d-151886
_eTS1
_h29983
_i66667
_si
949 _bBC
_cTES
_d33724000624417
_eTS2
_fc.2
_h29984
_i66667
_si
999 _c61521
_d61521